Taylor Swift - Today Was a Fairytale Lyrics - Statistics

General Stats
  • This quiz has been taken 147 times
  • The average score is 300 of 344
Answer Stats
Answer % Correct
a
100%
fairytale
100%
to
100%
Today
100%
today
100%
was
100%
I
97%
you
97%
You
97%
and
94%
the
92%
were
92%
your
92%
be
90%
in
90%
It
90%
it?
90%
me
90%
prince
90%
when
90%
you're
90%
can
89%
feel
89%
this
89%
like
87%
took
87%
way
87%
by
86%
hand
86%
kissed
86%
looked
86%
love
86%
must
86%
Time
86%
time
86%
air
84%
air?
84%
at
84%
been
84%
down
84%
dress
84%
have
84%
magic
84%
saw
84%
there
84%
around
83%
Fell
83%
Oh
83%
oh
83%
standing
83%
damsel
81%
told
81%
t-shirt
81%
wore
81%
But
79%
distress
79%
grey
79%
it's
79%
It's
79%
mess
79%
my
79%
slows
79%
Whenever
79%
whenever
79%
is
78%
pretty
78%
so
78%
up
78%
yeah
78%
dark
76%
That
76%
that
76%
all
75%
used
75%
say
73%
can't
71%
now
70%
six
70%
beating
67%
chest
67%
Every
67%
heart
67%
picked
67%
takes
60%
make
59%
put
59%
got
57%
right
57%
you've
57%
smile
56%
another
54%
everything
54%
much
54%
face
52%
made
52%
Nothing
52%
planet
52%
clearer
51%
move
49%
sense
46%
Did
44%
getting
44%
'til
43%
Well
35%
find
5%
No matching quizzes found
Score Distribution
Percent of People with Each Score
Percentile by Number Answered
Your Score History
You have not taken this quiz